Statistiques concernant Quiz sur l'Afrique

Cliquez ici pour prendre le quiz!

Statistiques générales

  • Ce quiz a été pris 150 fois
    (115 depuis la dernière actualisation)
  • Le résultat moyen est 7 sur 15

Statistiques - réponses

IndiceRéponse% Correct
C'est le plus grand paysAlgérie
96%
Pays dans lequel il y a eu l'ApartheidAfrique du Sud
84%
Le plus grand fleuve du mondeNil
76%
Épeler correctement la capitale de la Côte d'IvoireYamoussoukro
63%
Sommet le plus haut du continentKilimandjaro
59%
La plus grande ville du continentLagos
57%
Le nombre de pays dans ce continent54
55%
Homme fort et futur président de ce paysNelson Mandela
55%
Est gouvernée par une ancienne légende du footballLiberia
54%
Le seul pays africain qui possède son propre alphabetÉthiopie
40%
A la tête de quel pays était Thomas Sankara, tué lors d'un coup d'État en 1987Burkina Faso
38%
Serpent le plus rapideMamba Noir
19%
Le plus grand dictateur d'AfriqueIdi Amin Dada
13%
L'homme le plus riche de tous les temps est africainMansa Moussa
10%
Le président ayant le plus long mandat présidentielTeodoro Obiang Nguema
2%

Distribution des résultats

Percentile par nombre de réponses

% des personnes avec chaque résultat

Votre développement - résultats

Vous n’avez pas pris ce quiz depuis la dernière actualisation